000 00789nam a2200253Ia 4500
003 OSt
005 20220927104105.0
006 a|||||r|||| 00| 0
007 ta
008 220926b |||||||| |||| 00| 0 eng d
024 _a88526
037 _cReference Collections
040 _aRTL
_cRTL
_beng
041 _2eng
_aeng
082 _a"Y:5:(L:51), UN"
110 _a"United Nations, International Economic and Social Affairs (Deptt of-)"
245 0 _aPopulation and vital statistics report
260 _aNew
_bYork UN
_c1990
490 _v1984 (201p)
650 _aFamily Planning
_9363377
700 _a"United Nations, International Economic and Social Affairs (Deptt of-)"
942 _h"Y:5:(L:51), UN"
_cCC
999 _c685694
_d685694